Welcome to CU Library Online Public Access Catalogue (OPAC)

The Christian educator's handbook on teaching / (Record no. 6223)

MARC details
000 -LEADER
fixed length control field 00706cam a2200205 a 4500
001 - CONTROL NUMBER
control field 4491865
005 - DATE AND TIME OF LATEST TRANSACTION
control field 20250603153118.0
008 - FIXED-LENGTH DATA ELEMENTS--GENERAL INFORMATION
fixed length control field 971121r19981988miua b 000 0 eng
020 ## - INTERNATIONAL STANDARD BOOK NUMBER
International Standard Book Number 0801021790
050 00 - LIBRARY OF CONGRESS CALL NUMBER
Classification number BV1534
Item number .C477 1998
082 00 - DEWEY DECIMAL CLASSIFICATION NUMBER
Classification number 268/.6
Edition information 21
245 04 - TITLE STATEMENT
Title The Christian educator's handbook on teaching /
Statement of responsibility, etc. edited by Kenneth O. Gangel and Howard G. Hendricks.
260 ## - PUBLICATION, DISTRIBUTION, ETC.
Place of publication, distribution, etc. Grand Rapids, Mich. :
Name of publisher, distributor, etc. Baker Books,
Date of publication, distribution, etc. 1998
Date of manufacture (2002 printing)
300 ## - PHYSICAL DESCRIPTION
Extent 358 p. :
Other physical details ill. ;
Dimensions 23 cm.
500 ## - GENERAL NOTE
General note Originally published: Wheaton, IL : Victor Books, c1988.
650 #0 - SUBJECT ADDED ENTRY--TOPICAL TERM
Topical term or geographic name entry element Christian education
General subdivision Teaching methods.
700 1# - ADDED ENTRY--PERSONAL NAME
Personal name Gangel, Kenneth O.
700 1# - ADDED ENTRY--PERSONAL NAME
Personal name Hendricks, Howard G.
942 ## - ADDED ENTRY ELEMENTS (KOHA)
Source of classification or shelving scheme Library of Congress Classification
Koha item type Books
Suppress in OPAC No
999 ## -
-- 6223
-- 6223
Holdings
Withdrawn status Lost status Source of classification or shelving scheme Damaged status Not for loan Collection Home library Current library Shelving location Date acquired Total checkouts Full call number Barcode Date last seen Copy number Price effective from Koha item type
    Library of Congress Classification     Non-fiction Undergraduate Library (Christ Temple) Undergraduate Library (Christ Temple) General stacks 06/03/2025   BV1534 CHR ulct00002951 06/03/2025 1 06/03/2025 Books
    Library of Congress Classification     Non-fiction Undergraduate Library (Christ Temple) Undergraduate Library (Christ Temple) General stacks 06/03/2025   BV1534 CHR ulct00002952 06/03/2025 2 06/03/2025 Books
© 2023-2024 Copyright: Central University Libraries. All Rights Reserved | Created by: Mahone Tech Office